Armenia Country Quiz - Statistics

General Stats
  • This quiz has been taken 29,242 times
    29,094 since last reset
  • The average score is 14 of 19
Answer Stats
Hint Answer % Correct
Bordering country Georgia
98%
Bordering country Azerbaijan
97%
Bordering country Turkey
97%
Country it was part of until 1991 Soviet Union
96%
Empire that committed genocide against Armenians, 1914–1923 Ottoman Empire
93%
Countries outside of Armenia with the most people of Armenian descent Russia
93%
Bordering country Iran
91%
English has 26, Greek has 24, but Armenian has 39 of these Letters
90%
Capital city Yerevan
87%
Countries outside of Armenia with the most people of Armenian descent United States
86%
Mountain range in which Armenia lies Caucasus
85%
Armenia is the site of the first known steady production of this beverage (4100 BC) Wine
81%
Armenia has the most grandmasters per capita at this event
* among countries > 1 million people
Chess
77%
Around 300 AD, Armenia became the first country to officially adopt this Christianity
68%
Fruit, starting with A, thought to have originated in Armenia Apricot
51%
Tall mountain in a neighboring country which is a national symbol of Armenia Mount Ararat
51%
Currency of Armenia Dram
27%
Armenian for "Armenia" {Haya}stan
26%
Lake which makes up about 4% of Armenia's surface area Lake Sevan
26%
No matching quizzes found
Score Distribution
Percent of People with Each Score
Percentile by Number Answered
Your Score History
You have not taken this quiz since the last reset